LEADER 00863nam0-22002891i-450- 001 990001506790403321 005 20030701153658.0 010 $a0-387-98639-1 035 $a000150679 035 $aFED01000150679 035 $a(Aleph)000150679FED01 035 $a000150679 100 $a20030701d1999----km-y0itay50------ba 101 0 $aeng 105 $aa---a---001yy 200 1 $a<>Introduction to Wavelets Through Linear Algebra$fMichael W. Frazier 210 $aNew York$cSpringer$dc1999 215 $aXVI, 501 p.$cill.$d22 cm 225 1 $aUndergraduate Texts in Mathematics 700 1$aFrazier,$bMichael W.$021756 801 0$aIT$bUNINA$gRICA$2UNIMARC 901 $aBK 912 $a990001506790403321 952 $a04 011-66$bDIC 3869$fDINCH 959 $aDINCH 996 $aIntroduction to Wavelets Through Linear Algebra$9376804 997 $aUNINA LEADER 01002nam0-22003011i-450- 001 990007460130403321 005 20090115153008.0 035 $a000746013 035 $aFED01000746013 035 $a(Aleph)000746013FED01 035 $a000746013 100 $a20030813d1981----km-y0itay50------ba 101 0 $aita 102 $aIT 105 $ay-------001yy 200 1 $a<>attivitą svolta nelle zone terremotate$esituazione al 30 giugno 1981$fCommissariato straordinario per la Campania e la Basilicata 210 $aTorre del Greco$cStabil. Tipo - Litogr.$d1981 215 $a124 p., 15 c. di fot.$d25 cm 610 0 $aCampania$aTerremoti 610 0 $aBasilicata$aTerremoti 710 01$aItalia.$bCommissariato straordinario per la Campania e la Basilicata$0495629 801 0$aIT$bUNINA$gRICA$2UNIMARC 901 $aBK 912 $a990007460130403321 952 $aA-IT 0227$bI.G.324A$fILFGE 959 $aILFGE 996 $aAttivitą svolta nelle zone terremotate$9679882 997 $aUNINA LEADER 03656cam--2200589---450- 001 990001029920203316 005 20110505141813.0 011 $a0269-2694 035 $a0102992 035 $aUSA010102992 035 $a(ALEPH)000102992USA01 035 $a0102992 100 $a20020312d--------km-y0itay0103----ba 101 $aeng 102 $aGB 110 $aafa-------- 200 1 $aButterworths journal of international banking and financial law 210 $aLondon$cButterworths & Co publishers 215 $av.$d30 cm 300 $aTit. della cop. - Comincia nel 1986. - Descrizione basata Vol. 5. no. 6 (June 1990) 326 $aMensile 410 $12001 421 1$1001-------$12001 430 1$1001-------$12001 606 0 $aFinenza internazionale$xperiodici 606 $aTecnica bancaria$xDiritto internazionale 676 $a341.751 801 0$aIT$bsalbc$gISBD 912 $a990001029920203316 958 $aEC$bFondo$c(1990)-(2009);$l2000; 2007-2009; 959 $aSE 979 $aPATTY$b90$c20020312$lUSA01$h1731 979 $aPATTY$b90$c20020325$lUSA01$h1746 979 $c20020403$lUSA01$h1743 979 $aPATRY$b90$c20040406$lUSA01$h1711 979 $aPATRY$b90$c20071114$lUSA01$h1119 979 $aPARLAVECCH$b90$c20110505$lUSA01$h1418 996 $aButterworths journal of international banking and financial law$9796352 997 $aUNISA Z30 2$lUSA50$LAdministrative$mISSBD$1GIU$AGIU$3Fondo$632993$5B2418$820030326$a2002$b17$c1$f09$FNON Prestabile$hVol.17, n.1-11 (2002) + suppl.$i20020128$j20020227$k20020508 Z30 2$lUSA50$LAdministrative$mISSUE$1GIU$AGIU$3Fondo$630159/01$5133205-10$820020508$a2001$b16$c11$f09$FNON Prestabile$hVol.16, n.1-11 (2001)$i20011228$j20020127$k20020508 Z30 2$lUSA50$LAdministrative$mISSUE$1GIU$AGIU$3Per XVI 25$5133205-140$820030311$a2003$b18$c2$f09$FNON Prestabile$hVol.18, n.2 (2003)$i20030304$j20030403$k20030326 Z30 2$lUSA50$LAdministrative$mISSUE$1GIU$AGIU$3Per XVI 25$5133205-150$820030326$a2003$b18$c3$f09$FNON Prestabile$hVol.18, n.3 (2003)$i20030408$j20030508$k20030519 Z30 2$lUSA50$LAdministrative$mISSUE$1GIU$AGIU$3Per XVI 25$5133205-170$820030519$a2003$b18$c4$f09$FNON Prestabile$hVol.18, n.4 (2003)$i20030513$j20030612$k20030523 Z30 2$lUSA50$LAdministrative$mISSUE$1GIU$AGIU$3Per XVI 25$5133205-180$820030523$a2003$b18$c5$f09$FNON Prestabile$hVol.18, n.5 (2003)$i20030617$j20030717$k20030609 Z30 2$lUSA50$LAdministrative$mISSUE$1GIU$AGIU$3Per XVI 25$5133205-190$820030609$a2003$b18$c6$f09$FNON Prestabile$hVol.18, n.6 (2003)$i20030722$j20030821$k20030902 Z30 2$lUSA50$LAdministrative$mISSUE$1GIU$AGIU$3Per XVI 25$5133205-200$820030902$a2003$b18$c7$f09$FNON Prestabile$hVol.18, n.7 (2003)$i20030826$j20030925$k20030915 Z30 2$lUSA50$LAdministrative$mISSUE$1GIU$AGIU$3Per XVI 25$5133205-210$820030915$a2003$b18$c8$f09$FNON Prestabile$hVol.18, n.8 (2003)$i20030930$j20031030$k20031022 Z30 2$lUSA50$LAdministrative$mISSUE$1GIU$AGIU$3Per XVI 25$5133205-220$820031022$a2003$b18$c9$f09$FNON Prestabile$hVol.18, n.9 (2003)$i20031104$j20031204$k20031119 Z30 2$lUSA50$LAdministrative$mISSUE$1GIU$AGIU$3Per XVI 25$5133205-230$820031119$a2003$b18$c10$f09$FNON Prestabile$hVol.18, n.10 (2003)$i20031209$j20040108$k20040129 Z30 2$lUSA50$LAdministrative$mISSUE$1GIU$AGIU$3Per XVI 25$5133205-240$820040129$a2003$b18$c11$f09$FNON Prestabile$hVol.18, n.11 (2003)$i20031231$j20040130$k20040129 Z30 2$lUSA50$LAdministrative$mISSUE$1GIU$AGIU$3Per XVI 25$635335$5133205-130$820030121$a2003$b18$c1$f09$FNON Prestabile$hVol.18, n.1 (2003)$i20030128$j20030227$k20030311